| 000 | 00907nam a2200241 a 4500 | ||
|---|---|---|---|
| 001 | 000029514 | ||
| 003 | DO-SdBNP | ||
| 005 | 20260321073641.0 | ||
| 008 | 100312s1984 dr 000 0 spa d | ||
| 040 |
_aDO-SdBNP _bspa _cBNPHU |
||
| 082 |
_a467.97293 _bH519B |
||
| 100 | 1 |
_a Bosch, Juan, _d1909-2001 _976555 |
|
| 245 | 1 | 3 |
_aEl español en Santo Domingo : _bun trabajo ejemplar de Pedro Henríquez Ureña / _cJuan Bosch. |
| 260 |
_aSanto Domingo : _bAlfa y Omega, _c1984. |
||
| 300 |
_a14 p. ; _c21 cm. |
||
| 500 | _aConferencia ofrecida por la Asociación de Lingüística y Filología de América | ||
| 590 | _aInventariado, 2018/LP | ||
| 600 | 1 | 0 |
_aHenríquez Ureña, Pedro, _d1884-1946 _xCrítica e interpretación _91718 |
| 650 | 4 |
_aEspañol _xProvincialismos _zRepública Dominicana _937486 |
|
| 650 | 4 |
_aDominicanismos _913083 |
|
| 910 | _aValidado. Control de calidad MFF | ||
| 942 |
_2ddc _cLBS1 |
||
| 999 |
_c29006 _d29006 |
||